000
00208 a2200097 4500
001
2163
100
_a
Wiech,RE
245
_a
Fundamentals of rocket Propulsion
260
_a
_b
reinhold
_c
090
_c
1591
_d
1591
942
_a
NUST-CAE
_c
M
_c
6569
999
_c
237236
_d
237236